000 02272nam0a2200421 4500
001 RU\NLR\bibl\418234
005 20260405180733.0
010 _a5-9532-0066-8
_bВ пер.
_93000
021 _aRU
_b2003-23735
_91108
035 _a(NLR Aleph) 000412210
090 _a642281
_c642281
100 _a20030627d2003 |||y0rusy50 ca
101 0 _arus
102 _aRU
105 _ay |||||||||
200 1 _aМенеджмент в АПК
_eУчеб. пособие для студентов вузов по агроэкон. специальностям
_fЮ.Б. Королев, В.Д. Коротнев, Г.Н. Кочетова, Е.Н. Никифорова
_gПод ред. Ю.Б. Королева
210 _aМ.
_cКолосС
_d2003
215 _a302, [1] с.
_d22
225 1 _aУчебники и учебные пособия для студентов высших учебных заведений
300 _aНа обл. загл. сер.: Учебник
320 _aБиблиогр.: с. 292-294 (66 назв.)
606 0 _aАгропромышленные комплексы
_jРуководства, пособия и т.п. для высшей школы
_xМенеджмент
_92192527
_3RU\NLR\auth\661317913
606 0 _aАгропромышленные комплексы
_jУчебные издания для высших учебных заведений
_xМенеджмент
_92192527
_3RU\NLR\auth\661317913
610 0 _aАгропромышленный комплекс - Управление
675 _a631.145:65.01(075.8)
_v3
_zrus
686 _a68.01
_2rugasnti
686 _a65.32я73
_2rubbk
686 _aУ32(2)-21я73
701 1 _4070
_8rus
_7ca
_aКоролев
_bЮ. Б.
_cд-р экон. наук
_gЮрий Борисович
_3RU\NLR\auth\7777656
_960584
701 1 _aКоротнев
_bВ. Д.
_gВладимир Дмитриевич
_4070
701 1 _aКочетова
_bГ. Н.
_gГалина Николаевна
_4070
701 1 _4070
_8rus
_7ca
_aНикифорова
_bЕ.Н.
_cэкономист
_gЕлена Николаевна
_3RU\NLR\auth\7724451
_97502
801 0 _aRU
_bRKP
_c20030627
_gPSBO
801 1 _aRU
_bRKP
_c20030627
801 2 _aRU
_bNLR
_c20090604
_grcr
942 _cBOOK
980 _aNB